Missing Word: TV Title 3-Letter Beginning (A-Z) Quiz Stats

Quiz Updated Sep 1, 2016

Challenge
Share
Tweet
Embed
Score 0/26 Timer 02:00
0 Plays Today
Title Missing Word % Correct
(B) ___ Meets WorldBoy
98%
(L) ___ & OrderLaw
97.6%
(F) ___ Better or Worse For
97%
(S) ___ and the CitySex
96.2%
(C) ___: MiamiC.S.I.
95.1%
(W) ___ Do You Think You Are?Who
95.1%
(A) ___ in the FamilyAll
94.9%
(O) ___ Foot in the GraveOne
94.6%
(G) ___ SmartGet
94.5%
(M) ___ v. FoodMan
92.9%
(Q) ¿___ pasa, USA?Qué
90.2%
(I) ___ About TimeIt's
89.7%
(V) ___ Dyke & CompanyVan
89.7%
Title Missing Word % Correct
(T) ___ GearTop
88.9%
(Y) ___ Me HerYou
87.7%
(N) ___ GirlNew
86.2%
(H) ___ in ClevelandHot
85.8%
(R) ___ DwarfRed
80.9%
(J) ___ & Kate Plus 8Jon
79.7%
(K) ___ WestKey
76.9%
(P) ___ StyPig
75%
(D) ___ SouthDue
52.3%
(Z) ___, Duncan, Jack & Jane Zoe
50.3%
(E) ___ StoneEli
42.7%
(U) ___ HuntersUFO
24.8%
(X) ___ Betsey JohnsonXOX
14.1%

Today's Daily Dose

Missing Word
NPR Programs

Quick Pick
1991 Events

On This Day
June 18th II

You're not logged in!

Compare scores with friends on all Sporcle quizzes.
Join for Free
OR
Log In

You Might Also Like...

Show Comments

Extras

Top Quizzes Today


Score Distribution

Your Account Isn't Verified!

In order to create a playlist on Sporcle, you need to verify the email address you used during registration. Go to your Sporcle Settings to finish the process.

Report this User

Report this user for behavior that violates our Community Guidelines.

Details: